000 00337nam a2200121 a 4500
005 20201002045346.0
008 140630s2009 000 spa d
020 _a9788576171720
100 _aAlves, Uelinton Farias
_972429
245 0 _aJosé do patrocínio.
260 _aRío de Janeiro -- Garamond,
_c2009 -- 296 p.
999 _c43904
_d43904
040 _aDO-SdBNP